Media writer's handbook a guide to common writing and editing problems
Appropriate for media writing courses as either a primary or supplemental text, Media Writer's Handbook is a primer for anyone who really wants to understand the grammatical and stylistic elements of good writing. Long after being a teaching tool in the classroom, it functions as a resource boo...
Đã lưu trong:
| Príomhúdar: | |
|---|---|
| Údair Eile: | |
| Teanga: | Undetermined English |
| Foilsithe: |
Boston
McGraw-Hill Higher Education
|
| Ábhair: | |
| Clibeanna: |
Cuir Clib Leis
Gan Chlibeanna, Bí ar an gcéad duine leis an taifead seo a chlibeáil!
|
| Thư viện lưu trữ: | Trung tâm Học liệu Trường Đại học Trà Vinh |
|---|
| LEADER | 01085nam a2200253Ia 4500 | ||
|---|---|---|---|
| 001 | TVU_20008 | ||
| 008 | 210423s9999 xx 000 0 und d | ||
| 020 | |a 0073378852 | ||
| 020 | |a 9780073378855 | ||
| 041 | |a eng | ||
| 082 | |a 808.027 | ||
| 082 | |b A109 | ||
| 100 | |a Arnold, George T. | ||
| 245 | 0 | |a Media writer's handbook | |
| 245 | 2 | |b a guide to common writing and editing problems | |
| 245 | 0 | |c George T. Arnold | |
| 260 | |a Boston | ||
| 260 | |b McGraw-Hill Higher Education | ||
| 300 | |a xxi, 335, 8 p. | ||
| 300 | |c 23 cm | ||
| 520 | |a Appropriate for media writing courses as either a primary or supplemental text, Media Writer's Handbook is a primer for anyone who really wants to understand the grammatical and stylistic elements of good writing. Long after being a teaching tool in the classroom, it functions as a resource book that students and professionals can place on their desks alongside their dictionaries and stylebooks | ||
| 650 | |a Journalism; Journalism; Mass media | ||
| 700 | |a George T. Arnold | ||
| 980 | |a Trung tâm Học liệu Trường Đại học Trà Vinh | ||


